Construction Law

Bibliographic Details
Main Author: Patterson, Carol J.
Other Authors: Altman, Ross J., Hess, Stephen A., Overcash, Allen
Format: eBook
Language:English
Published: Chicago: American Bar Association, 2019
Edition:Segunda Edicin̤
Subjects:
Online Access:Acceso restringido

MARC

LEADER 00000nam a22000007a 4500
005 20210301213157.0
007 cr|||| ||||
008 210301s2019 us |||||s|||| 00||0 eng d
020 |a 9781641054645 
035 |a 33095 
040 |a vLex 
090 |c 11322  |d 11322 
100 1 |a Patterson, Carol J. 
245 1 0 |a Construction Law  |h [Recurso electrn̤ico] /  |c Carol J. Patterson, Ross J. Altman, Stephen A. Hess, Allen Overcash 
250 |a Segunda Edicin̤ 
256 |a Servicio en ln̕ea 
260 |a Chicago:  |b American Bar Association,  |c 2019 
300 |a 1 recurso electrn̤ico 
506 1 |a Disponible solo en los productos indicados  |d vLex Global  |d vLex Global (Academic Edition, excluding Law Schools)  |d vLex Global (Academic Edition, Law Schools) 
650 0 4 |a Derecho Civil  |z Estados Unidos 
700 1 |a Altman, Ross J. 
700 1 |a Hess, Stephen A. 
700 1 |a Overcash, Allen 
740 0 |a vLex Libros (Servicio en ln̕ea) 
856 4 0 |u http://vlex.com/source/construction-law-second-edition-33095  |z Acceso restringido 
942 |c BOOK 
999 0 |b Civil Law